ბათუმის შოთა რუსთაველის სახელმწიფო უნივერსიტეტის ბიბლიოთეკა

Экология потребления: (ბიბ.ჩანაწერი № 62591)

000 -LEADER
fixed length control field 01188nam a22002177a 4500
005 - DATE AND TIME OF LATEST TRANSACTION
control field 20241212153810.0
008 - FIXED-LENGTH DATA ELEMENTS--GENERAL INFORMATION
fixed length control field 241212s2023 ru ||||| |||| 00| 0 rus d
020 ## - INTERNATIONAL STANDARD BOOK NUMBER
International Standard Book Number 9786094222085x
041 ## - LANGUAGE CODE
Language code of text/sound track or separate title rus
080 ## - UNIVERSAL DECIMAL CLASSIFICATION NUMBER
Universal Decimal Classification number 502.3/7 : 504.5 П- 64
100 ## - MAIN ENTRY--PERSONAL NAME
Personal name Потемкин, Александр
9 (RLIN) 23965
245 ## - TITLE STATEMENT
Title Экология потребления:
Remainder of title необходимость перехода Homo sapiens на новый этап развития : Монография /
Statement of responsibility, etc. Александр Потемкин, Бесарион Месхи, Гиорги Квеситадзе ; Под редакцией Т.А. Садунишвили, Р.А. Хуродзе.
264 ## - PRODUCTION, PUBLICATION, DISTRIBUTION, MANUFACTURE, AND COPYRIGHT NOTICE
Place of production, publication, distribution, manufacture Мариамполе, Литва :
Name of producer, publisher, distributor, manufacturer издательствo „Пикo вaлaндa",
Date of production, publication, distribution, manufacture, or copyright notice 2023.
300 ## - PHYSICAL DESCRIPTION
Extent 204 стр.;
Other physical details 30 см.
521 ## - TARGET AUDIENCE NOTE
Target audience note Библиогр. 196-203
700 ## - ADDED ENTRY--PERSONAL NAME
Personal name Месхи, Бесарион
Relator term ავტორი
9 (RLIN) 23966
700 ## - ADDED ENTRY--PERSONAL NAME
Personal name Квеситадзе, Гиорги
Relator term ავტორი
9 (RLIN) 23967
700 ## - ADDED ENTRY--PERSONAL NAME
Personal name Садунишвили, Т.А
Relator term რედაქტორი
9 (RLIN) 23968
700 ## - ADDED ENTRY--PERSONAL NAME
Personal name Хуродзе, Р.А.
Relator term რედაქტორი
9 (RLIN) 23969
942 ## - ADDED ENTRY ELEMENTS (KOHA)
Source of classification or shelving scheme
Koha item type წიგნი
ეგზემპლარები
Withdrawn status Lost status Source of classification or shelving scheme Damaged status Not for loan Permanent Location Current Location Shelving location Date acquired Cost, normal purchase price Full call number Barcode Date last seen Copy number Price effective from Koha item type Public note
          ბათუმის შოთა რუსთაველის სახელმწიფო უნივერსიტეტის მთავარი ბიბლიოთეკა ბათუმის შოთა რუსთაველის სახელმწიფო უნივერსიტეტის მთავარი ბიბლიოთეკა წიგნსაცავი 2024-12-12 15.00 502.3/7 : 504.5 П- 64 69957 2024-12-12 69957 2024-12-12 წიგნი 15 ლ.